000 00589nam a2200241Ia 4500
005 20250425161959.0
008 250425s9999 xx 000 0 und d
020 _a8432961094
041 _aspa
082 _a621.302
100 _aRUIZ VASSALLO, FRANCISCO
245 0 _aMANUAL DE HERRAMIENTAS PARA EL ELECTRICISTA
250 _a3A ED.
260 _aBARCELONA
260 _aEspaƱa
_bCEAC
_c1987
300 _a169
650 _aELECTRICISTAS
650 _aHERRAMIENTAS DE CORTE
650 _aHERRAMIENTAS DE MANO
650 _aSOLDADURA
942 _c01
010 _a38567
999 _c220048
_d220048